| 000 | 00894cam a2200205 4500 | ||
|---|---|---|---|
| 001 | WS122003 | ||
| 008 | 030415n 000 0 eng u | ||
| 035 | _a(Sirsi) u122003 | ||
| 110 |
_aBritish Horolgical Institute _94438 |
||
| 245 | _aBritish Horolgical Institute | ||
| 520 | _a Web site for this organisation open to professionals and amateurs interested in timekeeping. Includes details of educational opportunities, hints and tips, a list of members, their Code of Practice and links to their journal 'Horological Journal'. Also links to their horological movement identification photo database. | ||
| 650 | _aWATCHES | ||
| 650 | _aCLOCKS | ||
| 650 | _aHOROLOGISTS | ||
| 650 | _aCODE OF PRACTICE | ||
| 650 | _aORGANISATION | ||
| 690 |
_aArts and antiques _96217 |
||
| 856 | 4 | 0 |
_uhttps://www.bhi.co.uk _zView the website free of charge at www.bhi.co.uk... |
| 942 | _n0 | ||
| 999 |
_c120268 _d120268 |
||